Music Quiz

Random Music or Country Music Quiz

'Old Town Road' Lyrics Quiz Stats

 Plays Quiz Updated Jul 9, 2019

Score 0/197 Timer 10:00
7 Plays Today
Lyrics % Correct
the
98.2%
the
98.2%
the
98.2%
the
98.2%
the
98.2%
a
98.2%
the
98.2%
a
98.2%
and
98.2%
a
98.2%
and
98.2%
the
98.2%
the
98.2%
the
98.2%
to
97.6%
to
97.6%
to
97.6%
to
97.6%
to
97.6%
old
97.3%
old
97.3%
old
97.3%
old
97.3%
town
96.8%
town
96.8%
town
96.8%
town
96.8%
road
96.5%
road
96.5%
road
96.5%
road
96.5%
I
96.3%
I
96.3%
I
96.3%
I
96.3%
I
96.3%
I
96.3%
I
96.3%
go
95.9%
my
94%
my
94%
my
94%
my
94%
My
94%
my
94%
my
94%
my
94%
can
93%
can
93%
no
92.9%
no
92.9%
no
92.9%
no
92.9%
horse
92.7%
horse
92.7%
Horse
92.7%
horse
92.7%
horse
92.7%
horse
92.7%
take
92.5%
take
92.5%
take
92.5%
take
92.5%
I'm
92%
I'm
92%
I'm
92%
Lyrics % Correct
I'm
92%
I'm
92%
I'm
92%
I'm
92%
I'm
92%
ride
90.9%
ride
90.9%
ride
90.9%
ride
90.9%
gonna
90.9%
gonna
90.9%
gonna
90.9%
gonna
90.9%
gonna
90.9%
gonna
90.9%
gonna
90.9%
gonna
90.9%
can't
90.8%
can't
90.8%
Can't
90.8%
can't
90.8%
Can't
90.8%
can't
90.8%
Can't
90.8%
can't
90.8%
can't
90.8%
can't
90.8%
Can't
90.6%
can't
90.6%
more
90.3%
more
90.3%
more
90.3%
more
90.3%
'til
89.1%
'til
89.1%
'til
89.1%
'til
89.1%
in
87%
in
87%
in
87%
back
81.5%
got
80.8%
Got
80.8%
got
80.8%
horses
74.9%
on
73.2%
on
73.2%
on
73.2%
on
73.2%
me
72.7%
me
72.7%
me
72.4%
me
72.4%
me
72.4%
me
72.4%
me
72.4%
me
72.4%
is
72%
is
72%
is
72%
You
71.5%
You
71.5%
You
71.5%
You
71.5%
You
71.5%
You
71.5%
Lyrics % Correct
You
71.2%
Yeah
70%
Yeah
70%
tell
67%
tell
67%
tell
67%
tell
67%
tell
67%
tell
67%
tell
67%
tell
67%
nothin'
66.3%
nothin'
66.3%
nothin'
66.3%
nothin'
66.3%
nothin'
66.3%
nothin'
66.3%
nothin'
66.2%
nothin'
66.2%
nobody
62.9%
nobody
62.9%
nobody
62.9%
nobody
62.9%
Ridin'
61.5%
Ridin'
61.5%
ridin'
61.5%
black
59.1%
black
59.1%
Hat
57.4%
hat
57.4%
attached
56.1%
that
50.5%
your
50.5%
baby
50.4%
tractor
49.7%
life
49.6%
her
49%
matte
48.9%
movie
48.3%
all
47.3%
Porsche
46.9%
ain't
46.5%
Cheated
45%
match
44.7%
ask
44.5%
boots
44%
Gucci
43.8%
booty
43.6%
Lean
43.4%
been
42.4%
been
42.4%
whip
42.3%
boobies
42%
bladder
41.9%
from
41.9%
Bull
41.8%
Cowboy
41.5%
valley
41.3%
up
40.2%
Wrangler
40%
porch
39.8%
tack
39.1%
off
35.8%
now
34.2%
that's
27.1%

You're not logged in!

Compare scores with friends on all Sporcle quizzes.
OR
Log In

Sporcle TV

Today on Sporcle TV


Watch our educational content, quiz creation guides, and fun videos on Sporcle TV.

Show Comments

Extras

Top Quizzes Today


Score Distribution

Your Account Isn't Verified!

In order to create a playlist on Sporcle, you need to verify the email address you used during registration. Go to your Sporcle Settings to finish the process.

Report this User

Report this user for behavior that violates our Community Guidelines.

Details: